[Event "Villa Helenenhof op"]
[Site "Bad Schwalbach"]
[Date "2009.10.16"]
[Round "6"]
[White "Aurin, Werner"]
[Black "Bender, Lothar"]
[Result "0-1"]
[WhiteElo "1494"]
[BlackElo "1412"]
[PlyCount "80"]
[EventDate "2009.10.12"]
[EventType "swiss"]
[EventRounds "9"]
[EventCountry "GER"]
[SourceTitle "CBM 132 Extra"]
[Source "ChessBase"]
[SourceDate "2009.11.03"]
[SourceVersion "1"]
[SourceVersionDate "2009.11.03"]
[SourceQuality "1"]

1. e4 e5 2. Nc3 Nc6 3. f4 d6 4. Nf3 Nf6 5. Bc4 h6 6. fxe5 dxe5 7. h3 Bc5 8. d3 Qe7 9. a3 a6 10. b4 Ba7 11. Bb2 Nd4 12. Rb1 Nxf3+ 13. Qxf3 Be6 14. Nd5 Bxd5 15. exd5 0-0-0 16. Qf5+ Nd7 17. Kd1 f6 18. Re1 Rhe8 19. Bb3 Kb8 20. c4 Nb6 21. Re4 g6 22. Qf3 Nd7 23. Kc2 f5 24. Re2 e4 25. dxe4 fxe4 26. Qg3 g5 27. c5 Nxc5 28. bxc5 Bxc5 29. Rd2 e3 30. Re2 Qe4+ 31. Kc1 Rf8 32. Bc2 Qxd5 33. Qe1 Rd7 34. Qd1 Qe6 35. Qe1 Rdf7 36. Qd1 Rf1 37. Re1 e2 38. Qxe2 Qxe2 39. Bc3 Bxa3+ 40. Rb2 Rxe1+ 0-1

[Event "Villa Helenenhof op"]
[Site "Bad Schwalbach"]
[Date "2009.10.14"]
[Round "4"]
[White "Bender, Lothar"]
[Black "Sander, Rudi"]
[Result "0-1"]
[WhiteElo "1412"]
[BlackElo "1275"]
[PlyCount "44"]
[EventDate "2009.10.12"]
[EventType "swiss"]
[EventRounds "9"]
[EventCountry "GER"]
[SourceTitle "CBM 132 Extra"]
[Source "ChessBase"]
[SourceDate "2009.11.03"]
[SourceVersion "1"]
[SourceVersionDate "2009.11.03"]
[SourceQuality "1"]

1. d4 d5 2. c4 Nf6 3. Nc3 Nc6 4. Nf3 Bf5 5. Bf4 e6 6. a3 Bd6 7. Bg3 Bxg3 8. hxg3 Qd7 9. e3 0-0-0 10. b4 Ne4 11. Nxe4 Bxe4 12. b5 Na5 13. Ne5 Qe8 14. f3 f6 15. Qa4 fxe5 16. fxe4 b6 17. c5 Qg6 18. 0-0-0 Qxe4 19. Re1 exd4 20. Rh4 Qe5 21. Rxd4 Qxg3 22. cxb6 Qxe1+ 0-1